KOHA-Header-6

Fundamentals of Mobile Computing (Record no. 10061)

000 -LEADER
fixed length control field 00272nam a2200109Ia 4500
100 ## - MAIN ENTRY--AUTHOR NAME
Personal name Prasant Kumar Pattnaik
245 #0 - TITLE STATEMENT
Title Fundamentals of Mobile Computing
260 ## - PUBLICATION, DISTRIBUTION, ETC. (IMPRINT)
Place of publication India
Name of publisher Oxford
Year of publication 2005
300 ## - PHYSICAL DESCRIPTION
Number of Pages 925
942 ## - ADDED ENTRY ELEMENTS (KOHA)
Koha item type Books
Holdings
Withdrawn status Lost status Collection code Permanent Location Current Location Shelving location Date acquired Full call number Accession Number Koha item type
    Electrical Engineering MAJU MAJU   2019-09-14 005.2 6151 Electrical Engineering

Powered by Koha